Histopathological study of the middle ear cleft and its clinical application

Spremljeno u:
Bibliografski detalji
Glavni autor: Hiranandani, L. H.
Daljnji autori: Deshpande, C. K. (joint author.)
Format: Knjiga
Jezik:English
Izdano: New York, Appleton-Century-Crofts [c1971]
Teme:
LEADER 00992nam a2200253 4500
001 c000068881
003 CARM
005 00000000000000.0
008 720503s1971 nyua b 00110 eng
019 1 |a 614087  |z 22853104  |5 LACONCORD2021 
020 |a 0407199500 
035 |a (OCoLC)323950  |5 LACONCORD2021 
050 0 0 |a RF220  |b .H57 1971 
100 1 |a Hiranandani, L. H. 
245 1 0 |a Histopathological study of the middle ear cleft and its clinical application  |c [by] L. H. Hiranandani and C. K. Deshpande. 
260 |a New York,  |b Appleton-Century-Crofts  |c [c1971] 
300 |a xiii, 171 p.  |b illus.  |c 23 cm. 
504 |a Bibliography: p. 162-164. 
650 0 |a Middle ear  |x Diseases. 
700 1 |a Deshpande, C. K.,  |e joint author. 
852 8 |b CARM  |h A2:AB17A0  |i B02259  |p 0004112  |f BK 
082 0 4 |a 617.8/4/07 
999 f f |i f0ad36a6-ffa9-5574-8527-e89a9ad0b0b6  |s a884cddd-7fea-5e9d-9dfb-122dba8b43fa 
952 f f |p Can circulate  |a CAVAL  |b CAVAL  |c CAVAL  |d CARM 1 Store  |e B02259  |f A2:AB17A0  |h Other scheme  |i book  |m 0004112